| 000 | 01538nam a2200457 i 4500 | ||
|---|---|---|---|
| 001 | 45701 | ||
| 003 | KOSZ 005 | ||
| 005 | 20200212111841.0 | ||
| 008 | 031010s2003 pl a f |000 0 pol d | ||
| 020 | _a8371977212 | ||
| 040 |
_cKOSZ 005 _aKOSZ 005 _dKOSZ 005/HR |
||
| 041 | 1 |
_apol _heng |
|
| 046 | _k2003 | ||
| 080 | _a004.42 | ||
| 080 | _a004.383.2 | ||
| 080 | _a004.65 | ||
| 080 | _a(07) | ||
| 100 | 1 |
_aRankins, Ray _eAutor |
|
| 245 | 1 | 0 |
_aMicrosoft SQL Server 2000 : _bksięga eksperta / _cRay Rankins, Paul Jensen, Paul Bertucci ; tł. Michał Dadan, Leszek Mosingielewicz, Rafał Szpoton. |
| 260 |
_aGliwice : _b"Helion", _c2003. |
||
| 300 |
_a1302 s. ; _c25 cm. |
||
| 336 |
_2rdacontent _aTekst _btxt |
||
| 337 |
_2rdamedia _aBez urządzenia pośredniczącego _bn |
||
| 338 |
_2rdacarrier _aWolumin _bnc |
||
| 380 | _aKsiążki | ||
| 380 | _aPublikacje fachowe | ||
| 388 | _a2001- | ||
| 500 | _aTyt. oryg.: Microsofr SQL Server 2000. Unleashed". | ||
| 504 | _aIndeks. | ||
| 650 | 7 | _aSQL Server | |
| 655 | 7 | _aPodręcznik | |
| 658 | _aInformatyka i technologie informacyjne | ||
| 700 | 1 |
_aJensen, Paul _eAutor |
|
| 700 | 1 |
_aBertucci, Paul _eAutor |
|
| 700 | 1 |
_aDadan, Michał _eTłumaczenie |
|
| 700 | 1 |
_aMosingiewicz, Leszek _eTłumaczenie |
|
| 700 | 1 |
_aSzpoton, Rafał _eTłumaczenie |
|
| 710 | 2 | _aHelion | |
| 856 |
_uhttp://koha.tu.koszalin.pl/cgi-bin/koha/opac-detail.pl?biblionumber=45701 _yKatalog online BPK |
||
| 942 |
_cKS _2UKD |
||
| 999 |
_c45701 _d45701 |
||